000 00666nam a2200181Ia 4500
008 090124s9999 xx 000 0 und d
082 _b33926
100 _aपिंगे रवींद्र
245 _a" काही चंदेरी,काही सोनेरी"
250 _a1
260 _bज्ञानदा प्रकाशन
_c1997
300 _a152
600 _aपिंगे रवींद्र
630 _a" काही चंदेरी,काही सोनेरी"
700 _aपिंगे रवींद्र
730 _a" काही चंदेरी,काही सोनेरी"
942 _cBOOK
999 _c99799
_d99799